東京23区域から出て最初に停車する駅 - Statistics

General Stats
  • This quiz has been taken 1,004 times
  • The average score is 127 of 181
Answer Stats
路線 駅名 種別 % Correct
京葉線 舞浜 普通
92%
舞浜 快速
92%
東北新幹線 大宮 なすの
89%
大宮 やまびこ
89%
大宮 つばさ
89%
大宮 こまち
89%
大宮 はやぶさ
89%
上越新幹線 大宮 たにがわ
89%
大宮 とき
89%
北陸新幹線 大宮 あさま
89%
大宮 はくたか
89%
大宮 かがやき
89%
千葉 特急成田エクスプレス
87%
総武本線 市川 普通
85%
市川 快速
85%
東武東上線 和光市 普通
84%
和光市 準急
84%
和光市 急行
84%
和光市 快速急行
84%
東京メトロ有楽町線 和光市 -
84%
東京メトロ副都心線 和光市 各駅停車
84%
和光市 通勤急行
84%
和光市 急行
84%
和光市 Fライナー
84%
京浜東北線 川崎 普通
84%
川崎 快速
84%
東海道線 川崎 普通
84%
川崎 特急踊り子
84%
都営新宿線 本八幡 各駅停車
83%
本八幡 急行
83%
京浜東北線 川口 普通
83%
川口 快速
83%
宇都宮線 浦和 普通
83%
浦和 快速ラビット
83%
高崎線 浦和 普通
83%
浦和 快速アーバン
83%
浦和 特急あかぎ
83%
浦和 特急草津・四万
83%
湘南新宿ライン 浦和 普通
83%
浦和 快速
83%
浦和 特別快速
83%
浦和 特急日光
83%
浦和 特急きぬがわ
83%
中央本線 吉祥寺 普通
83%
吉祥寺 快速
83%
吉祥寺 通勤快速
83%
吉祥寺 急行
83%
横浜 Sトレイン
83%
横浜 特急踊り子
83%
横浜 特急サフィール踊り子
83%
横浜 寝台特急サンライズ瀬戸
83%
横浜 寝台特急サンライズ出雲
83%
蘇我 特急わかしお
82%
蘇我 特急さざなみ
82%
船橋 特急しおさい
82%
船橋 特急あずさ
82%
常磐線 松戸 各駅停車
82%
松戸 普通
82%
松戸 快速
82%
松戸 特別快速
82%
武蔵小杉 急行
82%
武蔵小杉 特急
82%
武蔵小杉 通勤特急
82%
武蔵小杉 Fライナー
82%
武蔵小杉 急行
82%
東海道新幹線 新横浜 こだま
82%
新横浜 ひかり
82%
新横浜 のぞみ
82%
横須賀線 武蔵小杉 普通
82%
湘南新宿ライン 武蔵小杉 普通
82%
武蔵小杉 快速
82%
武蔵小杉 特別快速
82%
海浜幕張 特急わかしお
81%
東京メトロ東西線 浦安 各駅停車
81%
浦安 通勤快速
81%
浦安 快速
81%
三鷹 中央特快
81%
三鷹 青梅特快
81%
三鷹 ホリデー快速おくたま
81%
特急ときわ
80%
特急ひたち
80%
立川 特急はちおうじ
79%
立川 特急おうめ
79%
立川 特急富士回遊
79%
立川 特急かいじ
79%
立川 特急あずさ
79%
立川 特急アルプス
79%
水戸 特急ひたち
75%
埼京線 戸田公園 普通
75%
戸田公園 快速
75%
武蔵浦和 通勤快速
72%
京急本線 京急川崎 普通
71%
京急川崎 急行
71%
京急川崎 特急
71%
京急川崎 快速特急
71%
所沢 S-TRAIN(土休日)
70%
所沢 特急
70%
調布 特急
70%
土浦 特急ひたち
69%
登戸 急行
69%
登戸 快速急行
69%
春日部 特急けごん
68%
春日部 特急きぬ
68%
春日部 特急会津
68%
春日部 スペーシアX
68%
草加 区間準急
67%
草加 準急
67%
草加 区間急行
67%
草加 急行
67%
小田原 スーパーはこね号
67%
町田 ホームウェイ号
65%
新百合ヶ丘 ホームウェイ号
65%
新百合ヶ丘 メトロホームウェイ号
65%
新百合ヶ丘 はこね号
65%
町田 はこね号
65%
町田 メトロはこね号
65%
相模大野 メトロはこね号
65%
新百合ヶ丘 さがみ号
65%
町田 さがみ号
65%
新百合ヶ丘 えのしま号
65%
町田 えのしま号
65%
相模大野 メトロえのしま号
65%
新百合ヶ丘 ふじさん号
65%
つくばエクスプレス 八潮 普通
63%
八潮 区間快速
63%
八潮 通勤快速
63%
八潮 快速
63%
溝の口 準急
63%
溝の口 急行
63%
溝の口 各駅停車
63%
溝の口 急行
63%
府中 京王ライナー
60%
空港第2ビル 特急成田エクスプレス
59%
空港第2ビル スカイライナー
59%
小田急小田原線 狛江 各駅停車
59%
狛江 準急
59%
大船 特急湘南
59%
新越谷 THライナー
58%
朝霞台 川越特急
58%
東武動物公園 特急りょうもう
57%
西武池袋線 保谷 各駅停車
57%
保谷 準急
57%
保谷 通勤準急
57%
保谷 通勤急行
57%
保谷 S-TRAIN
57%
田無 急行
57%
田無 通勤急行
57%
田無 快速急行
57%
東急田園都市線 二子新地 各駅停車
57%
東急大井町線 二子新地 各駅停車
57%
東急東横線 新丸子 各駅停車
56%
東急目黒線 新丸子 各駅停車
56%
京成船橋 モーニング・イブニングライナー
53%
新鎌ヶ谷 スカイライナー
51%
京成八幡 快速
49%
京成八幡 通勤特急
49%
京成八幡 特急
49%
京成八幡 快速特急
49%
ひばりヶ丘 快速
49%
ひばりヶ丘 急行
49%
ひばりヶ丘 快速急行
49%
埼玉高速鉄道 川口元郷 -
47%
藤沢 特急湘南
47%
東松戸 特急
46%
東松戸 アクセス特急
46%
ふじみ野 TJライナー
45%
高尾山口 Mt.TAKAO号
45%
せんげん台 スカイツリーライナー
44%
小平 拝島ライナー
44%
京王線 仙川 各駅停車
44%
仙川 快速
44%
仙川 区間急行
44%
東村山 特急
43%
北総線 矢切 普通
42%
京成本線 国府台 普通
40%
東武スカイツリーライン 谷塚 普通
40%
京王井の頭線 三鷹台 各駅停車
40%
つつじヶ丘 急行
38%
西武新宿線 東伏見 各駅停車
31%
東伏見 準急
31%
京王永山 京王ライナー
27%
No matching quizzes found
Score Distribution
Percent of People with Each Score
Percentile by Number Answered
Your Score History
You have not taken this quiz